000
00200 a2200097 4500
001
8614
100
_a
Tariq Riaz
245
_a
Pak;The energy sector
260
_a
_b
Ferozsons
_c
090
_c
6937
_d
6937
942
_a
NUST-CAE
_c
M
_c
33530
999
_c
243687
_d
243687